| 000 | 02002nam a2200253 i 4500 | ||
|---|---|---|---|
| 001 | 144575 | ||
| 003 | ES-MaACL | ||
| 005 | 20250814063235.0 | ||
| 007 | t| | ||
| 008 | 070214m19581959sp co |||| |dspa d | ||
| 080 | _a821.133.1-31"19" | ||
| 100 | 1 |
_aSimenon, Georges, _d1903-1989 _9106467 |
|
| 245 | 1 | 0 |
_aNovelas de Maigret / _cGeorges Simenon ; prólogo de Salvador Bordoy Luque. |
| 260 |
_aMadrid : _bAguilar, _c1958-1959. |
||
| 300 |
_a5 v. : _bretr. autor ; _c18 cm. |
||
| 490 | 1 | _aEl lince astuto | |
| 500 | _aÍndices. | ||
| 505 | 8 |
_aContiene: v. 1 ; _tEl ahorcado de Saint-Pholien ; _tLa noche de la encrucijada ; _tEl caso Saint-Fiacre ; _tEl crimen del Floria ; _tA la cita de los terranovas ; _tMaigret en la escuela ; _tEl cuerpo sin cabeza ; _tEl merendero de las dos perras gordas (1155 p.) -- v. 3 ; _tEl inspector Cadavre ; _tMaigret y la 'larguirucha' ; _tFélice está allí ; _tMaigret se divierte ; _tFirmado, Picpus ; _tMaigret, en la audiencia de Arizona ; _tMaigret, en casa del ministro ; _tLas memorias de Maigret (1224 p.) -- v. 4 ; _tEl puerto de las brumas ; _tEl perro canelo ; _tEl loco de Bergerac ; _tEl muerto de Maigret ; _tLa pipa de Maigret ; _tMaigret se enfada ; _tEn los bajos del Majestic ; _tCécile ha muerto (1153 p.) -- v. 5 ; _tMaigret y la anciana ; _tMaigret y el hombre del banco ; _tLa casa de los flamencos ; _tMaigret y la joven muerta ; _tEl caso de J. and J ; _tEl crimen del piso tercero ; _tRelais D'Alsace ; _tLa cabeza de un hombre (1268 p.) -- v. 6 ; _tLa ventana de enfrente ; _tLa sombra chinesca ; _tLas vacaciones de Maigret ; _tLa tanguista del Gai-Moulin ; _tMaigret tiene miedo ; _tEl conductor de 'La Providence' ; _tLiberty Bar ; _tLa primera investigación de Maigret (1232 p.) |
|
| 505 | 8 | _aContiene: tomos I, III, IV, V y VI | |
| 700 | 1 |
_aBordoy Luque, Salvador. _930424 |
|
| 830 | 0 |
_aEl lince astuto _9186549 |
|
| 852 |
_aES-MaACL _jP-591 _z. - Enc. plástico _q. - (falta v. 2) |
||
| 999 |
_c144575 _d144575 |
||